Statistics for FIFA 18 Top 100 Players - Bundesliga

Click here to take the quiz!

General Stats

  • This quiz has been taken 271 times
  • The average score is 55 of 100

Answer Stats

Team Nation Position Answer % Correct
Bayern MunichGermanyGKNeuer
99%
Bayern MunichNetherlandsRMRobben
99%
Bayern MunichPolandSTLewandowski
99%
Bayern MunichGermanyCBHummels
96%
Bayern MunichGermanyCFMuller
96%
Bayern MunichChileCDMVidal
95%
Bayern MunichGermanyCBBoateng
95%
Bayern MunichAustriaLBAlaba
94%
Borussia DortmundGabonSTAubameyang
94%
Bayern MunichFranceLMRibery
93%
Bayern MunichColombiaCAMRodriguez
91%
Bayern MunichSpainCMThiago
91%
Bayern MunichSpainCBJavi Martinez
90%
Borussia DortmundGermanyLMReus
90%
Borussia DortmundGreeceCBSokratis
88%
Borussia DortmundJapanCAMKagawa
81%
Bayer 04 LeverkusenGermanyGKLeno
81%
Borussia DortmundSwitzerlandGKBurki
80%
RB LeipzigGermanySTWerner
79%
Bayern MunichGermanyRBKimmich
78%
RB LeipzigGuineaCMKeita
77%
Bayern MunichGermanyCBSule
77%
Borussia MonchengladbachSwitzerlandGKSommer
77%
RB LeipzigSwedenCAMForsberg
75%
Borussia DortmundTurkeyCBToprak
72%
SchalkeGermanyGKFahrmann
71%
FC KolnGermanyGKHorn
71%
Bayern MunichFranceCMTolisso
67%
SchalkeBrazilCBNaldo
67%
Borussia DortmundGermanyCMGotze
66%
Bayer 04 LeverkusenGermanyCDMBender
66%
Bayern MunichFranceRMComan
62%
Borussia MonchengladbachBelgiumRFHazard
61%
Borussia DortmundPolandRBPiszczek
61%
HoffenheimCroatiaSTKramaric
60%
Borussia MonchengladbachBrazilCFRaffael
60%
SchalkeGermanyCMGoretzka
57%
HoffenheimGermanyGKBaumann
56%
Werder BremenGermanyCFKruse
56%
RB LeipzigSloveniaCMKampl
56%
Borussia DortmundUkraineRWYarmolenko
56%
Hertha BerlinNorwayGKJarstein
56%
WolfsburgGermanySTGomez
55%
WolfsburgUSACBBrooks
53%
Borussia DortmundGermanyCDMWeigl
53%
Bayer 04 LeverkusenGermanyRMBellarabi
53%
FrankfurtFinlandGKHradecky
52%
Hertha BerlinCote d'IvoireLMKalou
52%
Borussia MonchengladbachGermanyCFStindl
51%
Bayer 04 LeverkusenGermanyLMBrandt
51%
Bayer 04 LeverkusenGermanyCBTah
51%
Hannover 96SenegalCBSane
51%
Bayer 04 LeverkusenGermanySTVolland
49%
Borussia DortmundSpainCBMarc Bartra
49%
Borussia DortmundGermanyLBSchmelzer
49%
Hertha BerlinBosniaSTIbisevic
48%
RB LeipzigPortugalLMBruma
48%
Borussia DortmundTurkeyCDMSahin
48%
SchalkeAlgeriaCMBentaleb
47%
Borussia DortmundPortugalLMGuerreiro
44%
FC KolnGermanyCDMHector
43%
Bayern MunichGermanyCMRudy
43%
SchalkeSerbiaCBNastasic
43%
Bayern MunichSpainLBBernat
42%
Borussia MonchengladbachGuineaRMTraore
42%
SchalkeUkraineLWKonoplyanka
41%
Borussia MonchengladbachUSALMJohnson
39%
StuttgartGermanyGKZieler
38%
HoffenheimGermanyLMGnabry
35%
Borussia MonchengladbachGermanyCDMKramer
34%
WolfsburgFranceCDMGuilavogui
34%
WolfsburgSpainCDMCamacho
34%
AugsburgSwitzerlandGKHitz
33%
FrankfurtArgentinaCBAbraham
33%
HoffenheimGermanyCBVogt
32%
Borussia DortmundGermanyCMCastro
31%
Borussia DortmundGermanyCMDahoud
30%
WolfsburgGermanyCMArnold
30%
WolfsburgTurkeyCAMMalli
30%
RB LeipzigGermanyCBOrban
29%
FSV Mainz 05GermanyGKAdler
29%
FrankfurtMexicoCAMFabian
29%
Borussia MonchengladbachDenmarkCBVestergaard
29%
SchalkeGermanyCAMMeyer
29%
Borussia DortmundGermanyLMSchurrle
28%
SchalkeSpainRBCoke
27%
Borussia MonchengladbachGermanyRMHerrmann
27%
Hertha BerlinCzech RepublicCMDarida
25%
HoffenheimGermanySTWagner
25%
HoffenheimGermanyCAMDemirbay
23%
HamburgerGreeceCBPapadopoulos
22%
Werder BremenAustriaCMJunuzovic
22%
AugsburgGermanyCDMBaier
22%
WolfsburgFranceLMNtep
19%
WolfsburgGermanyCAMDidavi
16%
HoffenheimGermanyCBHubner
12%
Hannover 96BrazilSTJonathas
11%

Score Distribution

Percentile by Number Answered

Percent of People with Each Score

Your Score History

You have not taken this quiz